Catálogo

La archicofradía universal de Nuestra Señora de Guadalupe : (Registro nro. 332)

Detalles MARC
000 -LEADER
fixed length control field 01000cam a2200265 i 4500
001 - CONTROL NUMBER
control field 332
003 - CONTROL NUMBER IDENTIFIER
control field Mx-PuUPA
005 - DATE AND TIME OF LATEST TRANSACTION
control field 20260216153705.0
008 - FIXED-LENGTH DATA ELEMENTS--GENERAL INFORMATION
fixed length control field 140415s2002 mx a gr 001 0 spa d
040 ## - CATALOGING SOURCE
Original cataloging agency Mx-PuUPA
Language of cataloging spa
Transcribing agency Mx-PuUPA
Modifying agency Mx-PuUPA
Description conventions rda
041 0# - LANGUAGE CODE
Language code of text/sound track or separate title spa
043 ## - GEOGRAPHIC AREA CODE
Geographic area code n-mx---
100 1# - MAIN ENTRY--PERSONAL NAME
Personal name Valero de García Lascuráin, Ana Rita,
9 (RLIN) 385
Relator term autor
245 13 - TITLE STATEMENT
Title La archicofradía universal de Nuestra Señora de Guadalupe :
Remainder of title pasado y presente /
Statement of responsibility, etc. Ana Rita Valero de García Lascuráin
264 #1 - PRODUCTION, PUBLICATION, DISTRIBUTION, MANUFACTURE, AND COPYRIGHT NOTICE
Place of production, publication, distribution, manufacture México, D.F.:
Name of producer, publisher, distributor, manufacturer Archicofradía Universal de Sanra María de Guadalupe,
Date of production, publication, distribution, manufacture, or copyright notice ©2002
300 ## - PHYSICAL DESCRIPTION
Extent 92 páginas :
Other physical details ilustraciones (principalmente blanco y negro) ;
Dimensions 21 cm
336 ## - CONTENT TYPE
Fuente rdacontent
Content type term texto
Content type code txt
337 ## - MEDIA TYPE
Source rdamedia
Media type term sin medio
Media type code n
338 ## - CARRIER TYPE
Source rdacarrier
Carrier type term volumen
Carrier type code nc
650 #7 - SUBJECT ADDED ENTRY--TOPICAL TERM
Source of heading or term armarc
Topical term or geographic name entry element Archicofradía
General subdivision Virgen de Guadalupe
650 #7 - SUBJECT ADDED ENTRY--TOPICAL TERM
Source of heading or term armarc
Topical term or geographic name entry element Historia
Geographic subdivision México
942 ## - ADDED ENTRY ELEMENTS (KOHA)
Source of classification or shelving scheme Dewey Decimal Classification
Koha item type Libro
Classification part 267.1820972
Item part V35
Existencias
Withdrawn status Lost status Source of classification or shelving scheme Damaged status Not for loan Collection code Home library Current library Shelving location Date acquired Source of acquisition Total Checkouts Full call number Barcode Date last seen Price effective from Koha item type
    Dewey Decimal Classification     General Centro de Estudios Guadalupanos Centro de Estudios Guadalupanos Sala general 12/02/2026 Compra   267.1820972 V35 2002 93257 12/02/2026 12/02/2026 Libro